[Event "16th Corsica Masters"]
[Site "Bastia FRA"]
[Date "2012.10.27"]
[Round "7"]
[White "Brkic, Ante"]
[Black "Gromovs, Sergejs"]
[Result "1-0"]
[WhiteTitle "GM"]
[BlackTitle "FM"]
[WhiteElo "2575"]
[BlackElo "2169"]
[WhiteFideId "14506688"]
[BlackFideId "811394"]
[EventDate "2012.10.27"]

1. e4 d6 2. d4 Nf6 3. Nc3 g6 4. Be3 c6 5. Qd2 b5 6. Bd3 Nbd7 7. Nf3 Nb6 8. a4 b4
9. Ne2 a5 10. Ng3 Qc7 11. O-O Bg4 12. c4 Bxf3 13. gxf3 h5 14. e5 h4 15. exf6
hxg3 16. fxg3 exf6 17. b3 O-O-O 18. Rae1 Bg7 19. Qf2 Rde8 20. Bf4 Qd7 21. c5
dxc5 22. Ba6+ Kd8 23. dxc5 Nd5 24. Bd6 f5 25. Rd1 Re6 26. Bc4 Qb7 27. Rd2 Bc3
28. Rdd1 Rhe8 29. f4 Re4 30. h3 Kc8 31. Rd3 Ne3 32. Rxe3 Rxe3 33. Rd1 R8e4 34.
Kg2 Be1 35. Qf1 Rxg3+ 36. Kh2 Rxc4 37. Qxe1 Rxh3+ 38. Kxh3 Rc3+ 39. Kg2 Qd7 40.
Qh4 Qe8 41. Re1 Re3 42. Rxe3 Qxe3 43. Qh8+ Kd7 44. Qe5 Qd2+ 45. Kf3 Qd1+ 46. Kf2
Qc2+ 47. Qe2 Qe4 48. Qxe4 fxe4 49. Ke3 f5 50. Kd4 Kc8 51. Be7 Kd7 52. Bf6 Ke6
53. Bd8 1-0

[Event "16th Corsica Masters"]
[Site "Bastia FRA"]
[Date "2012.10.27"]
[Round "7"]
[White "Podvin, Francois-xavier"]
[Black "Massoni, Michael"]
[Result "0-1"]
[BlackTitle "FM"]
[WhiteElo "2139"]
[BlackElo "2381"]
[WhiteFideId "677540"]
[BlackFideId "654213"]
[EventDate "2012.10.27"]

1. e4 c5 2. Nf3 d6 3. d4 cxd4 4. Nxd4 Nf6 5. Nc3 e6 6. g4 h6 7. h3 Nc6 8. Bg2
Qc7 9. Be3 a6 10. Qe2 Be7 11. f4 Nxd4 12. Bxd4 e5 13. Be3 Be6 14. f5 Bc4 15. Qd2
Bb5 16. a4 Bc6 17. a5 Nd7 18. O-O Rc8 19. Rfd1 Nc5 20. b4 Nd7 21. Rac1 Nf6 22.
Bb6 Qd7 23. Qd3 O-O 24. Nd5 Bxd5 25. exd5 Rfe8 26. c4 e4 27. Qd4 Qa4 28. c5 Nd7
29. Ra1 dxc5 30. Rxa4 cxd4 31. Bxd4 Bd6 32. Be3 Rc4 33. Rb1 Nf6 34. Rd1 Rxb4 35.
Rxb4 Bxb4 36. g5 hxg5 37. Bxg5 e3 0-1

[Event "16th Corsica Masters"]
[Site "Bastia FRA"]
[Date "2012.10.28"]
[Round "8.1"]
[White "Brkic, Ante"]
[Black "Battaglini, Gabriel"]
[Result "1-0"]
[WhiteTitle "GM"]
[BlackTitle "IM"]
[WhiteElo "2575"]
[BlackElo "2434"]
[WhiteFideId "14506688"]
[BlackFideId "621650"]
[EventDate "2012.10.27"]

1. e4 e6 2. d4 d5 3. Nc3 Nf6 4. e5 Nfd7 5. f4 c5 6. Nf3 Nc6 7. Be3 cxd4 8. Nxd4
Qb6 9. Qd2 Qxb2 10. Rb1 Qa3 11. Bb5 Nxd4 12. Bxd4 a6 13. Rb3 Qe7 14. Ba4 Qh4+
15. Bf2 Qd8 16. Bb6 Qh4+ 17. Bf2 Qd8 18. Bb6 Qh4+ 19. Bf2 Qg4 20. O-O Be7 21.
Bxd7+ Bxd7 22. Rxb7 Rc8 23. Ne4 Qf5 24. Nd6+ Bxd6 25. exd6 Rxc2 26. Qd4 O-O 27.
Rxd7 e5 28. Qa7 exf4 29. Rc7 f3 30. Rxc2 Qxc2 31. gxf3 h5 32. Qe7 Qg6+ 33. Bg3
h4 34. Qxh4 f5 35. Qf4 d4 36. Rd1 Qe6 37. Qxd4 Qd7 38. Re1 f4 39. Bxf4 Rf7 40.
Bg3 Qb5 41. Qe4 Qc5+ 42. Kg2 Qc3 43. Re2 Qf6 44. Rd2 Qc3 45. Rc2 Qf6 46. Rc8+ 1-0

[Event "16th Corsica Masters"]
[Site "Bastia FRA"]
[Date "2012.10.28"]
[Round "8.3"]
[White "Djuric, Stefan"]
[Black "Philippe, Christophe"]
[Result "1-0"]
[WhiteTitle "GM"]
[BlackTitle "IM"]
[WhiteElo "2445"]
[BlackElo "2391"]
[WhiteFideId "900133"]
[BlackFideId "610038"]
[EventDate "2012.10.27"]

1. d4 Nf6 2. Nf3 c5 3. d5 e6 4. Nc3 b5 5. Bg5 b4 6. Ne4 Bb7 7. Bxf6 gxf6 8. c4
f5 9. Ng3 Bg7 10. Qd2 h5 11. h4 Na6 12. e3 Qf6 13. Rb1 Nc7 14. Qc2 O-O-O 15. Be2
Kb8 16. a3 Na6 17. O-O Rdg8 18. Qa4 d6 19. Ra1 Qxb2 20. Rfb1 Qxa1 21. Rxa1 Bxa1
22. axb4 Bc3 23. bxc5 Nxc5 24. Qa3 Bf6 25. Nd4 Bxh4 26. Nb5 a6 27. Nxd6 Rc8 28.
Nxc8 Rxc8 29. Nxh5 Be7 30. Nf4 Rc7 31. Qa1 Ka7 32. Qe5 Rd7 33. Qd4 Kb8 34. Qh8+
Rd8 35. Qg7 exd5 36. Qxf7 Bd6 37. Nxd5 Bxd5 38. cxd5 a5 39. Bb5 a4 40. Qf6 Kc7
41. Qc3 Ra8 42. Qa3 Nb7 43. Qa2 a3 44. Bc6 Ra7 45. g4 fxg4 46. e4 Nc5 47. f3
gxf3 48. Kf2 Nxe4+ 49. Kxf3 Nc3 50. Qa1 a2 51. Ke3 Be5 52. Kd3 Kd6 53. Kc4 Ne4
54. Qc1 a1=Q 55. Qh6+ Bf6 56. Qf8+ Be7 57. Qb8+ Rc7 1-0

[Event "16th Corsica Masters"]
[Site "Bastia FRA"]
[Date "2012.10.28"]
[Round "8.4"]
[White "Short, Nigel D"]
[Black "Shchekachev, Andrei"]
[Result "1/2-1/2"]
[WhiteTitle "GM"]
[BlackTitle "GM"]
[WhiteElo "2707"]
[BlackElo "2519"]
[WhiteFideId "400025"]
[BlackFideId "4107730"]
[EventDate "2012.10.27"]

1. e4 Nc6 2. Nf3 d6 3. d4 Nf6 4. c3 g6 5. Bd3 Bg7 6. O-O O-O 7. a4 Bg4 8. a5 a6
9. h3 Bxf3 10. Qxf3 e5 11. d5 Ne7 12. c4 Nd7 13. Nc3 f5 14. b4 fxe4 15. Qxe4 Nf5
16. Ra3 Bh6 17. Bxh6 Nxh6 18. Qe3 Nf5 19. Bxf5 Rxf5 20. c5 Rf4 21. Rb3 Nf6 22.
Rd1 Qd7 23. b5 axb5 24. Rxb5 Rc4 25. cxd6 cxd6 26. Rdb1 Rac8 27. Nd1 R8c7 28.
Qb3 R4c5 29. Ne3 Rxb5 30. Qxb5 Rc1+ 31. Kh2 Rxb1 32. Qxb1 Qc7 33. Qb4 Kg7 34. g4
Nd7 35. Kg2 Nc5 36. Qb6 Qxb6 37. axb6 Nd7 38. Nc4 Nf6 39. Nxe5 dxe5 40. Kf3 1/2-1/2

[Event "16th Corsica Masters"]
[Site "Bastia FRA"]
[Date "2012.10.28"]
[Round "8.5"]
[White "Vaisser, Anatoly"]
[Black "Seletsky, Grigory"]
[Result "0-1"]
[WhiteTitle "GM"]
[BlackTitle "FM"]
[WhiteElo "2540"]
[BlackElo "2318"]
[WhiteFideId "603252"]
[BlackFideId "14112191"]
[EventDate "2012.10.27"]

1. d4 c5 2. d5 e6 3. c4 exd5 4. cxd5 d6 5. e4 Be7 6. Nc3 a6 7. a4 Bf6 8. f4 Ne7
9. Nf3 Bg4 10. Be2 Ng6 11. O-O O-O 12. Nd2 Bxe2 13. Qxe2 Nd7 14. Qf3 Re8 15. a5
b5 16. axb6 Nxb6 17. Kh1 c4 18. Na4 Rc8 19. Qf2 Nxa4 20. Rxa4 c3 21. bxc3 Bxc3
22. Nf3 Rxe4 23. Nd4 Re6 24. dxe6 fxe6 25. f5 exf5 26. Qxf5 a5 27. Rxa5 Rb8 28.
Ra4 Qe8 29. Rc4 0-1

[Event "16th Corsica Masters"]
[Site "Bastia FRA"]
[Date "2012.10.28"]
[Round "8.6"]
[White "Dimitrov, Radoslav"]
[Black "Srienz, Christian"]
[Result "1-0"]
[WhiteTitle "IM"]
[BlackTitle "FM"]
[WhiteElo "2403"]
[BlackElo "2323"]
[WhiteFideId "2908549"]
[BlackFideId "1603175"]
[EventDate "2012.10.27"]

1. c4 e5 2. Nc3 Nf6 3. Nf3 Nc6 4. d4 exd4 5. Nxd4 Bb4 6. g3 Ne5 7. Bg2 Nxc4 8.
Qb3 Bxc3+ 9. bxc3 d5 10. O-O O-O 11. e4 Nb6 12. Ba3 Re8 13. exd5 Nbxd5 14. Rad1
c6 15. c4 Ne7 16. Nxc6 Nxc6 17. Rxd8 Rxd8 18. Re1 Nd4 19. Qb2 Be6 20. Bc5 Nc6
21. Qxb7 Rab8 22. Qxc6 Rbc8 23. Rxe6 fxe6 24. Qxe6+ Kh8 25. Be3 Rd1+ 26. Bf1 Re8
27. Qc6 Ra1 28. Bd4 Rae1 29. Bxf6 gxf6 30. Qxf6+ Kg8 31. Kg2 1-0

[Event "16th Corsica Masters"]
[Site "Bastia FRA"]
[Date "2012.10.28"]
[Round "8.7"]
[White "Dimitrov, Pavel"]
[Black "Angelov, Zvetomir"]
[Result "1-0"]
[WhiteTitle "IM"]
[WhiteElo "2321"]
[BlackElo "2108"]
[WhiteFideId "2907470"]
[BlackFideId "2905353"]
[EventDate "2012.10.27"]

1. e4 c5 2. b4 cxb4 3. a3 bxa3 4. Bxa3 d6 5. d4 Nf6 6. Bd3 Nc6 7. c3 e6 8. Nf3
Be7 9. O-O O-O 10. Nbd2 e5 11. h3 d5 12. dxe5 Nxe5 13. Nxe5 Bxa3 14. Rxa3 Qe7
15. Qa4 Qxe5 16. f4 Qh5 17. e5 Nd7 18. Qd4 Nb6 19. f5 Bd7 20. Kh2 f6 21. e6 Bc6
22. Nf3 Qe8 23. Qf4 Qe7 24. Rfa1 a6 25. Nd4 Qc5 26. Rb3 Nc8 27. Qc7 Qd6+ 28.
Qxd6 Nxd6 29. Nxc6 bxc6 30. Rb6 Rfc8 31. Raxa6 Rxa6 32. Rxa6 h5 33. g4 h4 34.
Kg2 Nb7 35. Ra7 Nc5 36. Be2 Rb8 37. g5 fxg5 38. Bh5 Ne4 39. Bg6 Nf6 40. Rc7 Rb2+
41. Kf3 g4+ 42. hxg4 Rb8 43. g5 Ne4 44. Kg4 h3 45. Kxh3 Nxg5+ 46. Kg4 Ne4 47.
Kf4 Nf6 48. Rxc6 Kf8 49. Rc7 Kg8 50. e7 d4 51. c4 d3 52. Ke3 Ne8 53. Rd7 d2 54.
Kxd2 Rb6 55. Bxe8 1-0

[Event "16th Corsica Masters"]
[Site "Bastia FRA"]
[Date "2012.10.28"]
[Round "8.9"]
[White "Luciani, Thibault"]
[Black "Ljubisavljevic, Zivojin Z"]
[Result "1/2-1/2"]
[BlackTitle "IM"]
[WhiteElo "2077"]
[BlackElo "2252"]
[WhiteFideId "657441"]
[BlackFideId "902896"]
[EventDate "2012.10.27"]

1. d4 g6 2. c4 Bg7 3. Nc3 d6 4. e4 Nc6 5. Nf3 Bg4 6. Be3 e5 7. d5 Bxf3 8. Qxf3
Nd4 9. Qd1 c5 10. Be2 f5 11. O-O Nf6 12. exf5 Nxf5 13. Bg5 O-O 14. Ne4 h6 15.
Nxf6+ Bxf6 16. Bxf6 Qxf6 17. Bd3 Rae8 18. Be4 b6 19. Qd2 Kg7 20. b4 cxb4 21.
Qxb4 Nd4 22. f3 Qe7 23. a4 Qc7 24. Kh1 Qc5 25. Qxc5 bxc5 26. Rab1 Rb8 27. h3 a5
28. Rxb8 Rxb8 29. f4 Ne2 30. Rb1 Rxb1+ 31. Bxb1 Nxf4 32. Kh2 g5 33. Kg3 Ne2+ 34.
Kf3 Nc3 35. Bc2 Kf6 36. g4 e4+ 37. Kf2 Ke5 38. Ke3 Na2 39. Bxe4 Nb4 40. Bb1 Na6
41. Bf5 h5 42. Bc8 hxg4 43. Bxa6 gxh3 44. Kf3 Kd4 45. Kg3 g4 46. Bb5 Kc3 47. Kh2
Kd3 48. Kg3 Kd4 49. Ba6 Ke3 50. Bc8 Kd4 51. Ba6 Ke3 52. Bc8 Kd3 53. Ba6 Kd4 54.
Bb5 Kc3 55. Ba6 Kb3 56. Bb5 Kb4 57. Kh2 Kc3 58. Kg3 Kd4 59. Ba6 Ke3 60. Bc8 1/2-1/2

[Event "16th Corsica Masters"]
[Site "Bastia FRA"]
[Date "2012.10.28"]
[Round "9.1"]
[White "Jussupow, Artur"]
[Black "Brkic, Ante"]
[Result "1/2-1/2"]
[WhiteTitle "GM"]
[BlackTitle "GM"]
[WhiteElo "2608"]
[BlackElo "2575"]
[WhiteFideId "4618777"]
[BlackFideId "14506688"]
[EventDate "2012.10.27"]

1. d4 Nf6 2. Nf3 g6 3. Bg5 Bg7 4. Nbd2 O-O 5. c3 d6 6. e4 c5 7. dxc5 dxc5 8. Bc4
Nc6 9. Qe2 Qc7 10. e5 Nd7 11. e6 fxe6 12. Bxe6+ Kh8 13. O-O Nde5 14. Bxc8 Raxc8
15. Nxe5 Nxe5 16. Nc4 Rf5 17. Be3 Rcf8 18. Nxe5 Bxe5 19. h3 Bh2+ 20. Kh1 Bd6 21.
Rad1 Qc6 22. Qg4 Kg7 23. Kg1 R8f7 24. Rd2 b6 25. Rfd1 Qb7 26. c4 Qc6 27. b3 Qc8
28. Rd5 Qe6 29. Rxf5 Qxf5 30. Qxf5 gxf5 31. f4 h5 32. Kf2 Kg6 33. h4 Rf8 34. Kf3
Kf7 35. Bc1 a5 36. a4 Rg8 37. Bb2 Rg4 38. g3 Rg8 39. Rd5 Ke6 40. Rd1 Kf7 41. Rd5
Ke6 42. Rd1 Kf7 43. Rd5 Ke6 44. Rd1 Kf7 45. Rd5 1/2-1/2

[Event "16th Corsica Masters"]
[Site "Bastia FRA"]
[Date "2012.10.28"]
[Round "9.2"]
[White "Seletsky, Grigory"]
[Black "Djuric, Stefan"]
[Result "1/2-1/2"]
[WhiteTitle "FM"]
[BlackTitle "GM"]
[WhiteElo "2318"]
[BlackElo "2445"]
[WhiteFideId "14112191"]
[BlackFideId "900133"]
[EventDate "2012.10.27"]

1. d4 Nf6 2. Nf3 g6 3. g3 Bg7 4. Bg2 d5 5. O-O O-O 6. c3 c6 7. Nbd2 Bf5 8. Nh4
Bg4 9. h3 Be6 10. Kh2 Qc8 11. Nhf3 c5 12. Nb3 Na6 13. dxc5 Nxc5 14. Nxc5 Qxc5
15. Be3 Qc7 16. Bd4 h6 17. Qb3 Rfd8 18. Be5 Qd7 19. Bd4 b6 20. Rad1 Qe8 21. Kg1
Rac8 22. Rfe1 Qd7 23. Kh2 Qc7 24. Kg1 Qd7 25. Kh2 Qc7 26. Kg1 Qd7 27. Kh2 1/2-1/2

[Event "16th Corsica Masters"]
[Site "Bastia FRA"]
[Date "2012.10.28"]
[Round "9.3"]
[White "Battaglini, Gabriel"]
[Black "Dimitrov, Radoslav"]
[Result "1-0"]
[WhiteTitle "IM"]
[BlackTitle "IM"]
[WhiteElo "2434"]
[BlackElo "2403"]
[WhiteFideId "621650"]
[BlackFideId "2908549"]
[EventDate "2012.10.27"]

1. d4 c5 2. e4 cxd4 3. c3 dxc3 4. Nxc3 Nc6 5. Nf3 e6 6. Bc4 Nf6 7. O-O d6 8. Bg5
a6 9. Qe2 Be7 10. Rfd1 Qc7 11. Rac1 Qb8 12. Bb3 Bd7 13. Rd2 O-O 14. e5 Ne8 15.
exd6 Bxg5 16. Nxg5 h6 17. Nge4 e5 18. Nd5 Nd4 19. Qh5 Nxd6 20. Nef6+ Kh8 21.
Nxd7 Qd8 22. Nxf8 Ne4 23. Rxd4 exd4 24. Qxf7 Qxf8 25. Qxf8+ Rxf8 26. f3 Nd6 27.
Rd1 Re8 28. Rxd4 Re1+ 29. Kf2 Rb1 30. Rd2 1-0

[Event "16th Corsica Masters"]
[Site "Bastia FRA"]
[Date "2012.10.28"]
[Round "9.4"]
[White "Frick, Christoph"]
[Black "Short, Nigel D"]
[Result "0-1"]
[BlackTitle "GM"]
[WhiteElo "2264"]
[BlackElo "2707"]
[WhiteFideId "4607090"]
[BlackFideId "400025"]
[EventDate "2012.10.27"]

1. e4 e6 2. Nc3 a6 3. g3 b5 4. a3 Bb7 5. Bg2 c5 6. Nh3 Nf6 7. d3 d5 8. e5 Nfd7
9. f4 g6 10. O-O Nb6 11. g4 Rg8 12. Ng5 h6 13. Nh7 Be7 14. f5 gxf5 15. gxf5 Kd7
16. fxe6+ fxe6 17. Rf7 Rxg2+ 18. Kxg2 Qg8+ 19. Ng5 hxg5 20. Qh5 d4+ 21. Ne4
Bxe4+ 22. dxe4 Nc6 23. Bxg5 Nc4 24. Kh1 Qh8 25. Qxh8 Rxh8 26. Bf6 Rh5 27. Bxe7
Nxe7 28. b3 Nxe5 29. Rf8 Ng4 30. Kg2 Ne3+ 31. Kg3 Rg5+ 32. Kf3 Ng6 33. Rf7+ Kd6
34. Ra7 Rg2 0-1

[Event "16th Corsica Masters"]
[Site "Bastia FRA"]
[Date "2012.10.28"]
[Round "9.5"]
[White "Shchekachev, Andrei"]
[Black "Gromovs, Sergejs"]
[Result "1-0"]
[WhiteTitle "GM"]
[BlackTitle "FM"]
[WhiteElo "2519"]
[BlackElo "2169"]
[WhiteFideId "4107730"]
[BlackFideId "811394"]
[EventDate "2012.10.27"]

1. Nf3 h6 2. e4 g5 3. d4 Bg7 4. c3 d6 5. Bd3 e6 6. Nbd2 Ne7 7. Nf1 Ng6 8. h3 Nd7
9. Ng3 Qe7 10. O-O b6 11. Re1 Bb7 12. a4 a5 13. Nh5 Bf8 14. Bb5 c6 15. Bd3 Kd8
16. b3 Kc7 17. Ba3 Qd8 18. b4 Nf6 19. Nxf6 Qxf6 20. bxa5 Rxa5 21. Bb4 Ra8 22. e5
Qg7 23. Bxd6+ Bxd6 24. exd6+ Kxd6 25. Bxg6 Qxg6 26. Qb3 Kc7 27. Qb4 Qf6 28. Ne5
h5 29. a5 Ra6 30. axb6+ Rxb6 31. Qxb6+ 1-0

[Event "16th Corsica Masters"]
[Site "Bastia FRA"]
[Date "2012.10.28"]
[Round "9.6"]
[White "Philippe, Christophe"]
[Black "Orndahl, Mats"]
[Result "1-0"]
[WhiteTitle "IM"]
[WhiteElo "2391"]
[BlackElo "2159"]
[WhiteFideId "610038"]
[BlackFideId "1708988"]
[EventDate "2012.10.27"]

1. e4 e6 2. Nf3 d5 3. Nc3 d4 4. Ne2 c5 5. Ng3 a6 6. a4 Nc6 7. Bc4 h5 8. h4 Nf6
9. d3 Be7 10. Qe2 Bd7 11. Bd2 Qc7 12. a5 Ng4 13. Ng5 g6 14. Nf1 Nb4 15. Bxb4
cxb4 16. Nd2 Ne5 17. b3 Bxg5 18. hxg5 O-O-O 19. Nf3 Nxc4 20. bxc4 Qc5 21. Qd2 e5
22. O-O h4 23. Kh2 Rh5 24. Rfb1 Rf8 25. Qxb4 Qxb4 26. Rxb4 f6 27. Rab1 Bc6 28.
Rb6 Kc7 29. Kg1 Kd6 30. Rxb7 Bxb7 31. Rxb7 fxg5 32. Rb6+ Kc7 33. Nxe5 g4 34.
Nxg4 Rxa5 35. Rxg6 Ra2 36. Kh2 a5 37. f3 Kb7 38. Rg7+ Kb6 39. Ne5 Rh8 40. Nd7+
Kc6 41. Ne5+ Kc5 42. Kh3 a4 43. Ra7 Kb4 44. f4 Kc3 45. f5 Kxc2 46. f6 a3 47. f7
Kb3 48. Ng6 Rb8 49. Re7 Kc2 50. Re8 Rxe8 51. fxe8=Q Rb2 52. Qa4+ Rb3 53. e5 Kb2
54. e6 a2 55. e7 a1=Q 56. Qxa1+ Kxa1 57. e8=Q 1-0

[Event "16th Corsica Masters"]
[Site "Bastia FRA"]
[Date "2012.10.28"]
[Round "9.7"]
[White "Zepeda, Lorena"]
[Black "Massoni, Michael"]
[Result "0-1"]
[WhiteTitle "WIM"]
[BlackTitle "FM"]
[WhiteElo "2154"]
[BlackElo "2381"]
[WhiteFideId "6700233"]
[BlackFideId "654213"]
[EventDate "2012.10.27"]

1. e4 c5 2. Nf3 d6 3. d4 cxd4 4. Nxd4 Nf6 5. Nc3 e6 6. g4 h6 7. h4 Nc6 8. Rg1 h5
9. gxh5 Nxh5 10. Bg5 Nf6 11. Qd2 Qb6 12. Nb3 a6 13. O-O-O Bd7 14. Bg2 Qc7 15. f4
O-O-O 16. Kb1 Kb8 17. f5 Ne5 18. fxe6 fxe6 19. Nd4 Nc4 20. Qd3 Rc8 21. Bh3 Qb6
22. Bc1 Na3+ 23. Ka1 Qxd4 24. Qxd4 Nxc2+ 25. Kb1 Nxd4 26. Rxd4 Rxh4 27. Bg2 Rg4
28. Nd1 e5 29. Rb4 d5 30. Rb3 Ba4 31. Rd3 Bc2+ 0-1

[Event "16th Corsica Masters"]
[Site "Bastia FRA"]
[Date "2012.10.28"]
[Round "9.8"]
[White "Dimitrov, Pavel"]
[Black "Guillemart, Serge"]
[Result "1/2-1/2"]
[WhiteTitle "IM"]
[WhiteElo "2321"]
[BlackElo "1799"]
[WhiteFideId "2907470"]
[BlackFideId "26015579"]
[EventDate "2012.10.27"]

1. d4 Nf6 2. c4 c5 3. d5 b5 4. cxb5 a6 5. bxa6 g6 6. Nc3 Bxa6 7. Nf3 d6 8. Nd2
Bg7 9. e4 Bxf1 10. Nxf1 Qa5 11. Bd2 Qb4 12. Qc2 Nbd7 13. Ne3 O-O 14. O-O Ne5 15.
a4 Rfb8 16. f4 Neg4 17. Rab1 Nxe3 18. Bxe3 Ng4 19. Bd2 Qd4+ 20. Kh1 Nf2+ 21.
Rxf2 Qxf2 22. b3 Bd4 23. Qd3 Rxb3 24. Rf1 Qh4 25. Qc4 Rb2 26. Qd3 Qf6 27. h3
Rxd2 28. Qxd2 Bxc3 1/2-1/2